000 00354nam a2200133Ia 4500
008 231221s9999 xx 000 0 und d
020 _a978-1-4419-7314-6
041 _aEnglish
100 _aAttahiru Sule Alfa
245 0 _aQueueing Theory for Telecommunications
260 _c2010
_bSpringer US
_aNew York
650 _aComputer Science
942 _cEB
999 _c218561
_d218561